【E8】北陸道と交差する鉄道路線 - Statistics

General Stats
  • This quiz has been taken 175 times
  • The average score is 15 of 21
Answer Stats
路線 交差区間 % Correct
JR北陸本線 余呉〜木ノ本高月〜河毛
94%
北陸新幹線 糸魚川〜上越妙高敦賀〜越前たけふ〜福井 など
93%
JR信越本線 茨目〜安田
90%
上越新幹線 燕三条〜新潟
86%
JR城端線 砺波〜東野尻
81%
JR東海道本線 米原〜醒ヶ井
81%
IRいしかわ鉄道線 森本〜東金沢
80%
JR弥彦線 燕〜燕三条
77%
えちごトキめき鉄道日本海ひすいライン 名立〜有間川浦本〜能生〜筒石
市振〜親不知〜青海 
76%
ハピラインふくい線 牛ノ谷〜大聖寺南条〜湯尾 敦賀〜南今庄
74%
JR高山本線 婦中鵜坂〜速星
74%
えちごトキめき鉄道妙高はねうまライン 春日山〜高田
73%
JR越美北線(九頭竜線) 六条〜足羽
73%
東海道新幹線 米原〜岐阜羽島
71%
北越急行ほくほく線 犀潟〜くびき
67%
JR大糸線 糸魚川〜姫川
65%
富山地鉄本線 長屋〜新黒部中加積〜新宮川 越中泉〜相ノ木
63%
富山地鉄立山線 田添〜五百石
60%
富山地鉄不二越・上滝線 小杉〜布市
52%
北鉄浅野川線 割出〜磯部
48%
えちぜん鉄道勝山永平寺線 越前島橋〜観音町
48%
No matching quizzes found
Score Distribution
Percent of People with Each Score
Percentile by Number Answered
Your Score History
You have not taken this quiz